LIBRARY & INFORMATION CENTRE, KCAET, TAVANUR

ONLINE PUBLIC ACCESS CATALOGUE (OPAC)

Problems in electronics with solutions / (Record no. 2179)

MARC details
000 -LEADER
fixed length control field 00423cam a2200169ua 4500
003 - CONTROL NUMBER IDENTIFIER
control field OSt
008 - FIXED-LENGTH DATA ELEMENTS--GENERAL INFORMATION
fixed length control field 250130b |||||||| |||| 00| 0 eng d
020 ## - INTERNATIONAL STANDARD BOOK NUMBER
ISBN 0 412 14 770 x
041 ## - LANGUAGE CODE
Language code of text/sound track or separate title eng
082 ## - DEWEY DECIMAL CLASSIFICATION NUMBER
Classification number 621.3076
Item number BEN/PR
100 ## - MAIN ENTRY--AUTHOR NAME
Personal name Benson, F.A .
245 ## - TITLE STATEMENT
Title Problems in electronics with solutions /
250 ## - EDITION STATEMENT
Edition statement 5 /
260 ## - PUBLICATION, DISTRIBUTION, ETC. (IMPRINT)
Place of publication London :
Name of publisher Chapman and Hall Ltd ,
Year of publication 1976.
300 ## - PHYSICAL DESCRIPTION
Number of Pages 373 ; .
942 ## - ADDED ENTRY ELEMENTS (KOHA)
Koha item type Books
Holdings
Withdrawn status Lost status Damaged status Home library Current library Date acquired Full call number Accession Number Koha item type
      KAUAET KAUAET 10/09/1986 621.3076 BEN/PR 15760 Books
free website counter